logo

Bir Sreshtho Munshi Abdur Rouf Library
Jhenaidah Cadet College

খাজা নাজিমুদ্দীন / (Record no. 9387)

MARC details
000 -LEADER
fixed length control field 00681nam a2200217 a 4500
001 - CONTROL NUMBER
JCCL Control Number 9387
003 - CONTROL NUMBER IDENTIFIER
JCCL marc code BD-JhCC
005 - DATE AND TIME OF LATEST TRANSACTION
control field 20180313175403.0
008 - FIXED-LENGTH DATA ELEMENTS--GENERAL INFORMATION
fixed length control field 180313s1965 bg |||| ||a| 000 0 b d
035 ## - SYSTEM CONTROL NUMBER
system control number (BD-JhCC)9387
040 ## - CATALOGING SOURCE
Original cataloging agency BD-JhCC
Modifying agency BD-JhCC
041 ## - LANGUAGE CODE
Language code of Book ben
082 ## - DEWEY DECIMAL CLASSIFICATION NUMBER
Classification number 920
Author mark and Year HAM 1965
100 ## - MAIN ENTRY--PERSONAL NAME
Personal name হামিদ, দেওয়ান আবদুল ।
245 ## - TITLE STATEMENT
Title খাজা নাজিমুদ্দীন /
Statement of responsibility, etc দেওয়ান আবদুল হামিদ।
260 ## - PUBLICATION, DISTRIBUTION, ETC. (IMPRINT)
Place of publication, distribution, etc ঢাকা :
Name of publisher, distributor, etc আহমদ পাবলিশিং হাউস;
Date of publication, distribution, etc 1965.
300 ## - PHYSICAL DESCRIPTION
Pagination 47 p. :
Dimensions 14 cm.
651 ## - SUBJECT ADDED ENTRY--GEOGRAPHIC NAME
Geographic name Biography.
942 ## - ADDED ENTRY ELEMENTS (KOHA)
Source of classification or shelving scheme Dewey Decimal Classification
Koha item type Books
Holdings
Source of classification or shelving scheme Damaged status Not for loan Home library Current library Shelving location Cost, normal purchase price Total Checkouts Full call number Barcode Date last seen Copy number Koha item type
Dewey Decimal Classification     JCC Rouf Library JCC Rouf Library General Stacks 0.75   920 HAM 1965 11831 03/13/2018 C - 1 Books

JCC Library | Contacts | JCC Home

Last Update on 23 September 2017
Copyright @ 2017-2020 JCC Rouf Library
Rouf Library, Jhenidah Cadet College (JCC), Bangladesh